| 000 | 00538nam a22001937a 4500 | ||
|---|---|---|---|
| 003 | koha_MIRAKIL | ||
| 005 | 20231213095921.0 | ||
| 008 | 231213b |||||||| |||| 00| 0 ||| d | ||
| 020 | _b978-9-94473012-9 | ||
| 040 |
_aTR-IsEVY _btur _cTR-IsEVY |
||
| 082 | _a512.72 AKD/D | ||
| 100 | _aAkdeniz, Fikri. | ||
| 245 | 0 | _aDoğada, sanatta, mimaride altın oran ve Fibonacci sayıları | |
| 260 |
_bNobel Yayın Dağıtım, _c2007 |
||
| 300 | _aVI , 120 s. | ||
| 650 | _aAltın oran. | ||
| 650 | _aArt -- Aesthetics. | ||
| 942 |
_2ddc _cBK |
||
| 999 |
_c11546 _d11546 |
||